1220 1683 1137 1261 1340 1953 1245 1009 1783 1801 1819 1347 1046 1779 1068 1687 1068 1248 1240 1415 1737 1036 1509 1070 1369 1359 1773 1802 1986 1666 1821 1341 1723 1095 1100 1543 1878 1820 1625 1678 1762 1182 1744 1353 1563 1782 1372 1273 1713 1058 1879 1651 1181 1142 1361 1800 1858 1657 1966 1329 1028 1913 1234 1496 1555 1761 1156 1188 1882 1142 1150 1365 1923 1609 1032 1417 1048 1462 1516 1229 1513 1503 1401 1005 1021 1526 1089 1180 1914 1901 1727 1006 1647 1056 1427 1232 1275 1609 1426 BCNSPRNW ULIB Ver.6.0+V

เปลี่ยนเป็นภาษาไทย

Change to English
 แสดงรายละเอียดบรรณานุกรม
  กลับหน้าหลัก

Brief Record : Get Marc (ISO 2709) : E-mail record : QR code < ปิดหน้าต่าง
LEADER : 00000nam 2200000uu 4500
001    13399122836
003     ULIB
008    131014s2545||||th 000 0 tha d
020    ^a9789744460695
090    ^aนว^bพ187พ ล.4
100 0  ^aพนมเทียน
245 10 ^aป่าโลกล้านปี เล่ม 4 (เพชรพระอุมา) /^cพนมเทียน
250    ^aพิมพ์รวมเล่มครั้งที่ 4
260    ^aกรุงเทพฯ :^bณ บ้านวรรณกรรม,^c2545
300    416 หน้า
505 00 ^a^gล.1-4^tไพรมหากาฬ --^gล.5-8^tดงมรณะ -- ^gล.9-12^tจอมผีดิบมันตรัย -- ^gล.13-16^tอาถรรพณ์นิทรานคร -- ^gล.17-20^tป่าโลกล้านปี -- ^gล.21-24^tแงซายจอมจักรา -- ^gล.25-28^tจอมพราน -- ^gล.29-32^tไอ้งาดำ -- ^gล.33-36^tจิตรางคนางค์-- ^gล.37-40^tนาคเทวี -- ^gล.41-44^tแด่ปางบรรพ์ -- ^gล.45-48^tมงกุฎไพร
650  4 ^aนวนิยายไทย
945    ^p200^l0^i034064
999    ^aเกษร โพธิ์สุวรรณ
รายการนี้ยังไม่มีแท็ก
คุณยังไม่ได้ล็อกอิน คุณสามารถมีกิจกรรมร่วมกับเว็บไซต์ได้ แต่ต้องล็อกอินก่อน ::
  ล็อกอิน

รายการสื่อสารสนเทศ

ลำดับที่ ประเภท เลขเรียก/บาร์โค้ด สถานที่ สถานะ
1. นวนิยาย
นวนิยาย
นว พ187พ ล.4  
  Barcode: 034064
ห้องสมุดวิทยาเขตสวรรค์ประชารักษ์
►นวนิยาย
บนชั้น
  ขอยืม

รายการใกล้เคียง
    ผู้แต่ง [พนมเทียน]

    หัวเรื่อง [นวนิยายไทย]

BibComment


ยังไม่เคยถูกคอมเมนท์

คอมเมนท์ทรัพยากรรายการนี้
  คอมเมนท์: ป่าโลกล้านปี เล่..


 Copyright 2026. Bcnsprnw @Library